Responses for Show #1184 - Thursday, October 26, 1989

Steve Berman game 3.

Contestants

[<< previous game]

Paula Long, a secretary from Glendale, California

Larry Linsey, a graduate student from Hollywood, California

Steve Berman, a film executive from Santa Monica, California (whose 2-day cash winnings total $17,400)

[next game >>]

Jeopardy! Round responses

U.S. CITIES
TEXTILES
PROVERBS
SPORTS
CHARACTERS IN PLAYS
CARTOONISTS
    $100 14
(Larry: What is Butte?)

Little Rock

LarryPaula
    $100 23
felt

Steve
    $100 9
to catch a thief

Steve
    $100 1
(Larry: Who is Magic Johnson?)

Kareem Abdul-Jabbar

SteveLarry
    $100 4
Joan of Arc

Larry
    $100 5
(Gary) Larson

Larry
    $200 16
Portland

Steve
    $200 24
ramie

Paula
    $200 10
mind

Larry
    $200 2
(What is cycling?)

horse racing

Paula
Triple Stumper
    $200 15
Felix Unger

Steve
    $200 6
Al Capp

Steve
    $300 17
Amarillo

Steve
    $300 25
the calico cat

Larry
    $300 11
chickens

Steve
    $300 3
Hail Mary

Paula
    $300 26
witches

Paula
    $1,600 20
"A Boy Named Sue"

Steve
    $400 18
Atlanta

Steve
    $400 28
tweed

Larry
    $400 12
children

Steve
    $400 7
Sugar Ray Robinson

Steve
    $400 27
Henry Higgins

Steve
    $400 21
Steve Canyon

Larry
    $500 19
Connecticut

Steve
    $500 29
pin wale

Triple Stumper
    $500 13
prepare for the worst

Triple Stumper
    $500 8
Joe DiMaggio

Steve
    $500 30
Mother Courage

Steve
    $500 22
Thomas Nast

Steve

Scores at the first commercial break (after clue 16):

Steve Larry Paula
$2,400 $200 $200

Scores at the end of the Jeopardy! Round:

Steve Larry Paula
$6,700 $1,300 $700

Double Jeopardy! Round responses

THE MOVIES
HISTORY
MAGAZINES
CLASSICAL MUSIC
FLAGS
GET TO THE POINT
    $200 2
(Paula: What is Network?)

Jaws

LarryPaula
    $200 7
the Pueblo

Steve
    $200 24
(Larry: What is an atude?)

nocturn

LarryPaula
    $200 17
Tanzania

Larry
    $200 12
a pencil pusher

Larry
    $400 3
Richard Dreyfuss

Paula
    $400 8
Nasser

Steve
    $400 23
(Larry: What is Time?)

Newsweek

SteveLarry
    $7,500 28
(Steve: Who was Bach?)
(Alex: Be more specific. I'm looking for his first name.)
(Steve: Who is Edward?)

Johann Sebastian Bach

Steve
    $400 29
(Paula: What is 11?)

[End-of-round signal sounds]

15

Paula
Triple Stumper
    $400 14
thorny

Steve
    $600 4
Eight Men Out

Steve
    $600 9
Turkey

Steve
    $600 1
(Larry: What is Car and Driver?)

Motor Trend

SteveLarry
    $600 27
the New york Philharmonic

Steve
    $600 20
a talis (tallit also acceptable)

Larry
    $600 15
daggers

Steve
    $800 5
Dr. Strangelove

Larry
    $5,000 10
Katanga

Steve
    $800 21
(Paula: What is the Kiplinger Newsletter?)

(Larry: What is The Futurist?)

Changing Times

LarryPaula
Triple Stumper
    $800 25
the violin

Triple Stumper
    $800 18
Cambodia

Larry
    $800 13
apex (or vertex)

Steve
    $1000 6
Lina Wertmüller

Steve
    $1000 11
(Steve: Who was Cortez?)

Juan Ponce de León

Steve
Triple Stumper
    $1000 22
(Steve: What is Ms.?)

the Ladies' Home Journal

Steve
Triple Stumper
    $1000 26
Bolero

Steve
    $1000 19
(Steve: What is Arizona?)

New Mexico

StevePaula
    $1000 16
a serpent's tooth

Paula

Scores at the end of the Double Jeopardy! Round:

Steve Larry Paula
$8,400 $2,100 $1,900
(lock game)

[wagering suggestions for these scores]

Final Jeopardy! Round responses

WORD ORIGINS
(Alex: [To Steve] It's almost an acronym for the names of Neil Armstrong, Buzz Aldrin, and Michael Collins, armalcolite, and you'd find it on [*].)
PaulaWhere is Colorado?
$1,800
LarryWhat is the Holy Land?
$2,000
SteveWhat is a coal mine?
$4,000
the Moon

Final scores:

Steve Larry Paula
$4,400 $100 $100
3-day champion: $21,800 2nd place: a trip to Phoenix and a week at the Arizona Biltmore+Jeopardy! box game or computer game 3rd place: Magnavox Moviemaker camera+Jeopardy! box game or computer game

Game dynamics:

Coryat scores:

Steve Larry Paula
$10,400 $2,100 $1,900
30 R
(including 2 DDs),
4 W
(including 1 DD)
12 R,
6 W
8 R,
4 W

Combined Coryat: $14,400

[game clues] [game scores] [suggest correction]

Game tape date: 1989-06-27
The J! Archive is created by fans, for fans. Scraping, republication, monetization, and malicious use prohibited; this site may use cookies and collect identifying information. See terms. The Jeopardy! game show and all elements thereof, including but not limited to copyright and trademark thereto, are the property of Jeopardy Productions, Inc. and are protected under law. This website is not affiliated with, sponsored by, or operated by Jeopardy Productions, Inc. Join the discussion at JBoard.tv.